A practical apporach to alternative dispute resolution (Record no. 115349)

MARC details
000 -LEADER
fixed length control field 01700cam a22003135a 4500
001 - CONTROL NUMBER
control field L158503
008 - FIXED-LENGTH DATA ELEMENTS--GENERAL INFORMATION
fixed length control field 150327s2012 xxk f 000 0 eng d
020 ## - INTERNATIONAL STANDARD BOOK NUMBER
International Standard Book Number 9780198714477
035 ## - SYSTEM CONTROL NUMBER
System control number (Sirsi) u158503
041 0# - LANGUAGE CODE
Language code of text/sound track or separate title eng
100 1# - MAIN ENTRY--PERSONAL NAME
Personal name Blake, Susan
245 02 - TITLE STATEMENT
Title A practical apporach to alternative dispute resolution
250 ## - EDITION STATEMENT
Edition statement 3rd
260 ## - PUBLICATION, DISTRIBUTION, ETC.
Place of publication, distribution, etc. Oxford
Date of publication, distribution, etc. OUP
Name of publisher, distributor, etc. 2012
300 ## - PHYSICAL DESCRIPTION
Extent liv; 595p 24cm
520 ## - SUMMARY, ETC.
Summary, etc. Provides a comprehensive commentary and introduction to a wide range of dispute resolution approaches which can be used as alternatives to litigation in the courts. Alternative dispute resolution (ADR) is a key component of the Civil Procedure Rules (CPR) 1998 and their Pre-Action Protocols which require parties to consider ADR. Part I looks at the history and range of ADR methods including negotiation, mediation, conciliation, arbitration, adjudication and expert determination. Part II considers the interplay between ADR, CPR and litigation, Part III focuses on negotiation and mediation, Part IV looks at evaluation, conciliation and Ombudsmen, Part V ways of recording settlement, Part VI looks at adjudicative ADR including special requirements and schemes relating to the construction industry and enforcement of international agreements and conventions. Includes a detailed glossary and case law studies.
590 ## - LOCAL NOTE (RLIN)
Local note KA
650 24 - SUBJECT ADDED ENTRY--TOPICAL TERM
Topical term or geographic name entry element CIVIL PROCEDURES RULES 1998
650 24 - SUBJECT ADDED ENTRY--TOPICAL TERM
Topical term or geographic name entry element NEGOTIATION
650 24 - SUBJECT ADDED ENTRY--TOPICAL TERM
Topical term or geographic name entry element MEDIATION
650 24 - SUBJECT ADDED ENTRY--TOPICAL TERM
Topical term or geographic name entry element EXPERT DETERMINATION
650 24 - SUBJECT ADDED ENTRY--TOPICAL TERM
Topical term or geographic name entry element ARBITRATION
650 24 - SUBJECT ADDED ENTRY--TOPICAL TERM
Topical term or geographic name entry element ADJUDICATION
651 #4 - SUBJECT ADDED ENTRY--GEOGRAPHIC NAME
Geographic name England and Wales
Chronological subdivision 1543-
690 ## - LOCAL SUBJECT ADDED ENTRY--TOPICAL TERM (OCLC, RLIN)
Topical term or geographic name as entry element Dispute resolution
9 (RLIN) 6236
700 1# - ADDED ENTRY--PERSONAL NAME
Personal name Browne, Julie
700 1# - ADDED ENTRY--PERSONAL NAME
Personal name Sime, Stuart
942 ## - ADDED ENTRY ELEMENTS (KOHA)
Suppress in OPAC 0
Holdings
Withdrawn status Lost status Source of classification or shelving scheme Damaged status Not for loan Home library Current library Shelving location Date acquired Total Checkouts Full call number Barcode Date last seen Copy number Price effective from Koha item type
    Dewey Decimal Classification     London London Books 27/03/2015   347.4107 BRO 30075287 06/08/2019 1 06/08/2019 Book